Doin' Time - Lana Del Rey (lyrics) - Statistics

General Stats
  • This quiz has been taken 40 times
  • The average score is 218 of 292
Answer Stats
Answer % Correct
a
100%
And
100%
and
100%
the
100%
The
100%
easy
96%
I
96%
i
96%
Summertime
96%
microphone
93%
with
93%
dance
89%
me
89%
Me
89%
people
89%
to
89%
All
85%
all
85%
on
85%
On
85%
party
85%
she
85%
We
85%
we
85%
harder
81%
her
81%
in
81%
like
81%
living's
81%
my
81%
My
81%
run
81%
That
81%
that
81%
gets
78%
girl
78%
gonna
78%
rhythm
78%
so
78%
So
78%
will
78%
agree
74%
Evil
74%
evil
74%
Evil,
74%
it
74%
It
74%
Louie
74%
louie
74%
love
74%
qualified
74%
bad
70%
LBC
70%
lovin'
70%
represent
70%
But
67%
relationship
67%
this
67%
treats
67%
we're
67%
got
63%
MG
63%
Most
63%
she's
63%
shit
63%
well
63%
Bradley's
56%
for
56%
left
48%
none
48%
tell
48%
there's
48%
when
48%
come
44%
definitely
44%
home
44%
off
44%
Ras
44%
you
44%
doin'
41%
i'm
41%
lockdown
41%
over
41%
play
41%
take
41%
what
41%
head
37%
hotter
37%
Oh
37%
eyes
33%
from
33%
getting
33%
I'd
33%
scandalous,
33%
some
33%
spreads
33%
sun
33%
underwater
33%
be
30%
burning
30%
day
30%
hold
30%
It's
30%
myself
30%
rise
30%
We've
30%
am
26%
veil
26%
Show
22%
tension
22%
ornery,
19%
Said
19%
shelf
19%
them
19%
how
15%
penitentiary
15%
awhile
11%
No matching quizzes found
Score Distribution
Percent of People with Each Score
Percentile by Number Answered
Your Score History
You have not taken this quiz